General Knowledge Quiz #234 - Statistics

General Stats
  • This quiz has been taken 28,166 times
  • The average score is 12 of 20
Answer Stats
Question Answer % Correct
What boarding school did Harry Potter attend? Hogwarts
93%
What large breed of dog is named for a saint? Saint Bernard
81%
What restaurant chain was founded by Dave Thomas and named for his daughter? Wendy's
74%
What's the most populous island in the Caribbean where English is the official language? Jamaica
72%
What popular alcoholic spirit is made primarily from sugarcane? Rum
72%
What's the main ingredient in kimchi? Cabbage
71%
More than half of England's counties have what five letter ending? Shire
68%
What make of automobile is named after the animal with scientific name Panthera onca? Jaguar
65%
What is the French version of the name Anthony? Antoine
64%
What does a sailor see when he yells "thar she blows"? Whale
61%
What musical instrument would be a different musical instrument if you added an F to the beginning of its name? Lute
59%
Whose tomb at the Panthéon in Paris is sealed with lead due to concerns about radioactivity? Pierre and Marie Curie
56%
What reptile starting with A can be found in every country in South America, but no countries outside of it? Anaconda
54%
What's the smallest country located on the Horn of Africa? Djibouti
53%
What is the second most populous ethnic group in Turkey? Kurds
50%
What city did Pablo Escobar come from? Medellín
49%
What cliche can be extended by the words "but three lefts do"? Two wrongs don't make a right
48%
What's the most widely used psychoactive substance in the world? Caffeine
30%
What's the largest lake in Africa that is also the name of a country? Lake Malawi
27%
What country in Europe is named after the capital city of a DIFFERENT European country? Romania
24%
No matching quizzes found
Score Distribution
Percent of People with Each Score
Percentile by Number Answered
Your Score History
You have not taken this quiz